000 00853na a2200277 4500
001 19981
003 MIRAKIL
005 20181213155250.0
008 161229b tu 000 0
020 _a9786053990949
035 _a19981
040 _aMilas
_btur
_cTR-AnCHP
041 _atur
082 _a337.142
_bA1 2009
090 _a337.142 A1 2009
245 _aAB, bütünleşme ve STK'lar
_cDerleyen Alper Akyüz
260 _aİstanbul
_bİstanbul Bilgi Üniversitesi Yayınları
_c2009
300 _a156 s.
_c28 sm.
440 _aİstanbul Bilgi Üniversitesi yayınları
_v245
490 _aSTK Çalışmaları- Eğitim Kitapları
_v9
504 _aKaynakça ve dizin var.
650 _aSivil toplum kuruluşları (STK)
_xEkonomi
_yEğitim
650 _aAvrupa Birliği
_xKüreselleşme
700 _aAkyüz, Alper
942 _2dcc
_cBKS
999 _c9542
_d9542